Platenie preddavkov na daň z príjmov právnickej osoby v roku 2019

Výška preddavkov na daň a lehoty ich platenia. Ilustračné príklady.

Na minha lista:
Detalhes bibliográficos
Autor principal: Jakubovie, Sidónia
Formato: Capítulo de Livro
Idioma:eslovaco
Assuntos:
Tags: Adicionar Tag
Sem tags, seja o primeiro a adicionar uma tag!

MARC

LEADER 00000naa a2200000 4500
001 0251639
005 20221104111117.7
041 0 |a slo 
044 |a SK 
245 1 0 |a Platenie preddavkov na daň z príjmov právnickej osoby v roku 2019  |c Sidónia Jakubovie 
520 |a Výška preddavkov na daň a lehoty ich platenia. Ilustračné príklady. 
610 2 0 |a dane z príjmov 
610 2 0 |a osoby právnické 
610 2 0 |a preddavky 
610 2 0 |a zdaňovanie 
610 2 0 |a daňovníci 
610 2 0 |a legislatíva 
100 1 |a Jakubovie, Sidónia